[Event "VIII Iberoamericano Mexico 2022"]
[Site "Mexico City"]
[Date "2022.02.17"]
[Round "6.24"]
[White "Lopez Gonzalez, Abel Fabian"]
[Black "Martinez Morales, Geovanni"]
[Result "1-0"]
[WhiteElo "2379"]
[BlackElo "2098"]
[Annotator "NA"]
[PlyCount "73"]
[EventDate "2022.02.12"]
[EventType "swiss"]
[EventCountry "MEX"]
[SourceTitle "playchess.com"]
[Source "ChessBase"]
[SourceQuality "1"]
[TimeControl "5400+30"]

1. d4 {[%emt 0:00:03]} e6 {[%emt 0:02:07]} 2. c4 {[%emt 0:00:07]} d5 {[%emt 0:00:05]} 3. Nc3 {[%emt 0:00:05]} Nf6 {[%emt 0:00:09]} 4. cxd5 {[%emt 0:00:05]} exd5 {[%emt 0:00:08]} 5. Bg5 {[%emt 0:00:04]} Be7 {[%emt 0:01:03]} 6. e3 {[%emt 0:00:07]} h6 {[%emt 0:01:09]} 7. Bh4 {[%emt 0:00:11]} O-O {[%emt 0:00:07]} 8. Bd3 {[%emt 0:00:21]} c6 9. Qc2 {[%emt 0:02:50]} Nh5 {[%emt 0:08:26]} 10. Bxe7 {[%emt 0:04:45]} Qxe7 {[%emt 0:00:09]} 11. Nge2 {[%emt 0:00:34]} Nd7 {[%emt 0:03:42]} 12. g4 {[%emt 0:03:24]} Nhf6 {[%emt 0:00:12]} 13. Ng3 {[%emt 0:00:58]} Nb6 {[%emt 0:05:58]} 14. O-O-O {[%emt 0:10:22]} Bxg4 {[%emt 0:09:24]} 15. Rdg1 {[%emt 0:02:25]} Be6 {[%emt 0:09:27]} 16. Rg2 {[%emt 0:07:01]} Kh8 {[%emt 0:03:41]} 17. Rhg1 {[%emt 0:07:33]} c5 {[%emt 0:08:50]} 18. dxc5 {[%emt 0:14:08]} Qxc5 {[%emt 0:04:25]} 19. Nge2 {[%emt 0:00:07]} Rg8 {[%emt 0:01:24]} 20. Nd4 {[%emt 0:01:01]} Rac8 21. Kb1 {[%emt 0:06:57]} Nc4 {[%emt 0:06:22]} 22. Nce2 {[%emt 0:14:01]} Qb6 {[%emt 0:07:35]} 23. Bxc4 Rxc4 {[%emt 0:01:40]} 24. Qd3 {[%emt 0:07:21]} Qa6 {[%emt 0:08:43]} 25. Nf4 {[%emt 0:04:33]} Bd7 {[%emt 0:01:34]} 26. b3 {[%emt 0:12:28]} Rcc8 {[%emt 0:07:36]} 27. Qd2 {[%emt 0:00:17]} Ne4 {[%emt 0:00:59]} 28. Qb2 {[%emt 0:00:21]} Nf6 {[%emt 0:02:55]} 29. Ka1 {[%emt 0:01:02]} Qa5 {[%emt 0:01:19]} 30. Nde2 {[%emt 0:01:03]} Bf5 {[%emt 0:01:23]} 31. Rxg7 {[%emt 0:00:30]} Rxg7 {[%emt 0:05:28]} 32. Qxf6 {[%emt 0:01:46]} Rcg8 33. Nh5 {[%emt 0:00:30]} Qa6 {[%emt 0:01:00]} 34. Qd4 {[%emt 0:00:30]} f6 {[%emt 0:00:30]} 35. Nxg7 {[%emt 0:00:30]} Rxg7 36. Rxg7 Kxg7 37. Ng3 1-0

[Event "VIII Iberoamericano Mexico 2022"]
[Site "Mexico City"]
[Date "2022.02.17"]
[Round "6.25"]
[White "Vega Garcia, Jorge Arturo"]
[Black "Santos, Jose Guilherme B Lim"]
[Result "0-1"]
[WhiteElo "2121"]
[BlackElo "2363"]
[Annotator "NA"]
[PlyCount "88"]
[EventDate "2022.02.12"]
[EventType "swiss"]
[EventCountry "MEX"]
[SourceTitle "playchess.com"]
[Source "ChessBase"]
[SourceQuality "1"]
[TimeControl "5400+30"]

1. d4 {[%emt 0:09:01]} Nf6 {[%emt 0:00:03]} 2. Nf3 {[%emt 0:00:09]} e6 {[%emt 0:00:04]} 3. Bg5 d5 {[%emt 0:01:26]} 4. e3 {[%emt 0:01:28]} h6 {[%emt 0:00:21]} 5. Bh4 {[%emt 0:00:11]} Be7 {[%emt 0:00:12]} 6. c4 {[%emt 0:02:04]} O-O {[%emt 0:00:04]} 7. Nc3 {[%emt 0:00:10]} b6 {[%emt 0:00:02]} 8. Rc1 {[%emt 0:00:59]} Bb7 {[%emt 0:00:10]} 9. Bxf6 {[%emt 0:00:45]} Bxf6 {[%emt 0:00:07]} 10. cxd5 {[%emt 0:00:06]} exd5 {[%emt 0:00:03]} 11. Bd3 {[%emt 0:00:44]} c6 {[%emt 0:00:04]} 12. O-O {[%emt 0:00:11]} Re8 {[%emt 0:00:08]} 13. b4 {[%emt 0:06:11]} Qd6 {[%emt 0:16:24]} 14. Qb3 {[%emt 0:02:30]} Be7 {[%emt 0:03:15]} 15. Rb1 {[%emt 0:01:17]} Nd7 {[%emt 0:05:28]} 16. Rfc1 {[%emt 0:05:15]} Bf6 {[%emt 0:11:33]} 17. Na4 {[%emt 0:06:01]} g6 {[%emt 0:04:30]} 18. Nc5 {[%emt 0:09:41]} Bc8 {[%emt 0:00:22]} 19. Na6 {[%emt 0:00:15]} Re6 {[%emt 0:10:38]} 20. Rc2 {[%emt 0:05:47]} Be7 {[%emt 0:06:43]} 21. Rbc1 Bxa6 {[%emt 0:09:45]} 22. Bxa6 {[%emt 0:04:07]} c5 23. b5 {[%emt 0:19:39]} c4 {[%emt 0:02:27]} 24. Qc3 {[%emt 0:00:30]} Qc7 {[%emt 0:01:21]} 25. Nd2 {[%emt 0:00:53]} Nf6 {[%emt 0:02:44]} 26. Re1 {[%emt 0:01:14]} Bd6 {[%emt 0:00:13]} 27. h3 {[%emt 0:00:47]} Qe7 {[%emt 0:00:11]} 28. Rb1 {[%emt 0:00:29]} Re8 {[%emt 0:00:27]} 29. a4 {[%emt 0:01:43]} g5 {[%emt 0:00:31]} 30. Ra2 {[%emt 0:00:39]} g4 {[%emt 0:00:55]} 31. hxg4 {[%emt 0:00:17]} Nxg4 {[%emt 0:02:12]} 32. Nf1 {[%emt 0:00:19]} Qh4 {[%emt 0:00:17]} 33. g3 {[%emt 0:00:15]} Qe7 {[%emt 0:01:08]} 34. Qc2 {[%emt 0:01:17]} Rf6 {[%emt 0:00:34]} 35. Qd1 {[%emt 0:00:17]} h5 {[%emt 0:00:56]} 36. a5 {[%emt 0:00:25]} Rg6 {[%emt 0:00:37]} 37. axb6 {[%emt 0:00:26]} axb6 {[%emt 0:00:04]} 38. Qf3 {[%emt 0:00:10]} Rg5 {[%emt 0:00:41]} 39. Qh1 {[%emt 0:01:13]} Nf6 {[%emt 0:02:10]} 40. Qh3 {[%emt 0:00:37]} h4 {[%emt 0:00:34]} 41. Bc8 {[%emt 0:01:13]} hxg3 {[%emt 0:00:28]} 42. f4 {[%emt 0:00:22]} Rh5 {[%emt 0:08:09]} 43. Qxg3+ {[%emt 0:00:34]} Kh7 {[%emt 0:00:19]} 44. Ra8 {[%emt 0:01:46]} Qe4 {[%emt 0:01:28]} 0-1

[Event "VIII Iberoamericano Mexico 2022"]
[Site "Mexico City"]
[Date "2022.02.17"]
[Round "6.26"]
[White "Sanchez Enriquez, Oscar Gerardo"]
[Black "Rosales Campos, Paul"]
[Result "1/2-1/2"]
[WhiteElo "2305"]
[BlackElo "2039"]
[Annotator "NA"]
[PlyCount "70"]
[EventDate "2022.02.12"]
[EventType "swiss"]
[EventCountry "MEX"]
[SourceTitle "playchess.com"]
[Source "ChessBase"]
[SourceQuality "1"]
[TimeControl "5400+30"]

1. d4 {[%emt 0:19:34]} d5 {[%emt 0:00:39]} 2. Nf3 {[%emt 0:00:10]} e6 {[%emt 0:01:14]} 3. c4 {[%emt 0:00:45]} Nf6 {[%emt 0:00:51]} 4. e3 {[%emt 0:00:14]} a6 {[%emt 0:04:27]} 5. b3 {[%emt 0:00:57]} c5 {[%emt 0:07:25]} 6. Bd3 {[%emt 0:00:28]} Nc6 {[%emt 0:02:13]} 7. Bb2 {[%emt 0:00:19]} cxd4 {[%emt 0:03:49]} 8. exd4 {[%emt 0:03:55]} Bd6 {[%emt 0:01:02]} 9. O-O {[%emt 0:00:31]} O-O {[%emt 0:01:59]} 10. Nbd2 {[%emt 0:03:15]} b6 {[%emt 0:01:40]} 11. Qe2 {[%emt 0:00:29]} Bb7 {[%emt 0:02:55]} 12. Rad1 {[%emt 0:00:40]} Qc7 {[%emt 0:10:59]} 13. Ne5 {[%emt 0:01:23]} Rad8 {[%emt 0:10:40]} 14. f4 {[%emt 0:12:28]} Rfe8 {[%emt 0:08:32]} 15. Ndf3 {[%emt 0:02:59]} Ne4 {[%emt 0:03:47]} 16. Ng5 {[%emt 0:02:12]} Nxg5 {[%emt 0:17:41]} 17. fxg5 {[%emt 0:00:06]} Nxe5 {[%emt 0:00:31]} 18. dxe5 {[%emt 0:00:12]} Bc5+ {[%emt 0:00:58]} 19. Kh1 {[%emt 0:00:07]} dxc4 {[%emt 0:01:33]} 20. bxc4 {[%emt 0:00:37]} Qe7 {[%emt 0:04:14]} 21. Bc1 {[%emt 0:10:35]} Rd7 22. Be4 {[%emt 0:16:01]} Bxe4 {[%emt 0:06:30]} 23. Qxe4 {[%emt 0:00:47]} Red8 {[%emt 0:00:12]} 24. Qf3 {[%emt 0:01:14]} a5 {[%emt 0:01:12]} 25. a4 {[%emt 0:00:52]} g6 {[%emt 0:02:37]} 26. h4 {[%emt 0:00:34]} Rd4 {[%emt 0:00:11]} 27. g3 {[%emt 0:00:06]} Rxd1 {[%emt 0:00:40]} 28. Rxd1 {[%emt 0:00:14]} Rxd1+ {[%emt 0:00:04]} 29. Qxd1 {[%emt 0:00:17]} Qb7+ {[%emt 0:00:03]} 30. Kh2 {[%emt 0:00:06]} Qe4 {[%emt 0:00:13]} 31. Qd8+ {[%emt 0:01:00]} Kg7 {[%emt 0:00:06]} 32. Qf6+ {[%emt 0:00:09]} Kg8 {[%emt 0:00:26]} 33. Qd8+ {[%emt 0:00:08]} Kg7 {[%emt 0:00:10]} 34. Qf6+ {[%emt 0:00:07]} Kg8 {[%emt 0:00:07]} 35. Qd8+ {[%emt 0:00:06]} Kg7 {[%emt 0:01:38]} 1/2-1/2

[Event "VIII Iberoamericano Mexico 2022"]
[Site "Mexico City"]
[Date "2022.02.17"]
[Round "6.27"]
[White "Fernandez Sanchez, Mario Andres"]
[Black "Herrera Ortiz, Miguel"]
[Result "1/2-1/2"]
[WhiteElo "2093"]
[BlackElo "2297"]
[Annotator "NA"]
[PlyCount "109"]
[EventDate "2022.02.12"]
[EventType "swiss"]
[EventCountry "MEX"]
[SourceTitle "playchess.com"]
[Source "ChessBase"]
[SourceQuality "1"]
[TimeControl "5400+30"]

1. d4 {[%emt 0:00:05]} d5 {[%emt 0:00:20]} 2. Bf4 {[%emt 0:00:08]} Nf6 {[%emt 0:00:28]} 3. e3 {[%emt 0:00:04]} e6 {[%emt 0:00:21]} 4. Nf3 {[%emt 0:00:03]} Bd6 {[%emt 0:00:17]} 5. Bg3 {[%emt 0:02:52]} O-O {[%emt 0:00:27]} 6. Nbd2 {[%emt 0:00:13]} b6 {[%emt 0:00:23]} 7. c3 {[%emt 0:00:05]} c5 {[%emt 0:02:10]} 8. Ne5 {[%emt 0:06:11]} Bb7 {[%emt 0:09:44]} 9. Bd3 {[%emt 0:00:05]} Nc6 {[%emt 0:00:14]} 10. O-O {[%emt 0:00:15]} Qc7 {[%emt 0:03:04]} 11. f4 {[%emt 0:01:30]} Ne7 {[%emt 0:00:55]} 12. Bh4 {[%emt 0:06:38]} Ne4 {[%emt 0:01:41]} 13. Bxe7 {[%emt 0:08:03]} Qxe7 {[%emt 0:02:03]} 14. Qc2 {[%emt 0:08:16]} Nxd2 {[%emt 0:03:24]} 15. Qxd2 {[%emt 0:00:39]} f6 {[%emt 0:02:25]} 16. Qc2 {[%emt 0:23:17]} g6 {[%emt 0:08:54]} 17. Nf3 {[%emt 0:23:06]} Rac8 {[%emt 0:05:50]} 18. Nh4 {[%emt 0:01:38]} Rf7 {[%emt 0:13:54]} 19. Rae1 {[%emt 0:03:21]} Rg7 {[%emt 0:05:41]} 20. Qe2 {[%emt 0:06:24]} c4 {[%emt 0:07:31]} 21. Bc2 {[%emt 0:00:57]} e5 {[%emt 0:00:31]} 22. fxe5 {[%emt 0:03:23]} fxe5 {[%emt 0:00:20]} 23. dxe5 {[%emt 0:00:19]} Qxe5 {[%emt 0:03:02]} 24. Nf3 {[%emt 0:00:02]} Qh5 {[%emt 0:00:50]} 25. e4 {[%emt 0:03:06]} Re7 {[%emt 0:07:50]} 26. e5 {[%emt 0:00:07]} Bc7 {[%emt 0:02:27]} 27. Qf2 {[%emt 0:01:14]} Rf8 {[%emt 0:02:32]} 28. Qd4 {[%emt 0:00:01]} g5 {[%emt 0:01:13]} 29. h3 {[%emt 0:00:01]} Rf4 {[%emt 0:00:46]} 30. Qd2 {[%emt 0:00:01]} h6 {[%emt 0:02:40]} 31. Bd1 {[%emt 0:02:06]} Qe8 {[%emt 0:00:28]} 32. Bc2 {[%emt 0:00:09]} b5 {[%emt 0:05:23]} 33. Nd4 {[%emt 0:00:21]} Rxe5 {[%emt 0:01:54]} 34. Nf5 {[%emt 0:00:37]} Qf8 {[%emt 0:01:35]} 35. Rxf4 {[%emt 0:00:29]} gxf4 {[%emt 0:00:35]} 36. Rxe5 {[%emt 0:00:12]} Bxe5 {[%emt 0:00:10]} 37. Qe2 {[%emt 0:00:16]} Qf6 {[%emt 0:01:17]} 38. Nxh6+ {[%emt 0:00:11]} Qxh6 {[%emt 0:00:56]} 39. Qxe5 {[%emt 0:00:02]} Bc6 {[%emt 0:02:47]} 40. Bf5 {[%emt 0:00:24]} f3 {[%emt 0:01:16]} 41. Qg3+ {[%emt 0:00:39]} Kf8 {[%emt 0:00:44]} 42. Qxf3 {[%emt 0:00:25]} Ke7 {[%emt 0:00:01]} 43. Kf2 {[%emt 0:01:15]} d4 {[%emt 0:00:55]} 44. Qg3 {[%emt 0:02:39]} Qd2+ {[%emt 0:01:37]} 45. Kg1 {[%emt 0:00:00]} d3 {[%emt 0:00:17]} 46. Qc7+ {[%emt 0:00:39]} Kf8 {[%emt 0:00:08]} 47. Qc8+ {[%emt 0:00:49]} Kf7 {[%emt 0:00:12]} 48. Qc7+ {[%emt 0:00:03]} Kf8 {[%emt 0:00:01]} 49. Qc8+ {[%emt 0:00:23]} Kf7 {[%emt 0:00:03]} 50. Qe6+ {[%emt 0:01:06]} Kg7 {[%emt 0:00:48]} 51. Qg6+ {[%emt 0:00:12]} Kf8 {[%emt 0:00:01]} 52. Qf6+ {[%emt 0:00:24]} Kg8 {[%emt 0:00:02]} 53. Qg6+ {[%emt 0:00:53]} Kf8 {[%emt 0:00:03]} 54. Qf6+ {[%emt 0:00:36]} Kg8 {[%emt 0:00:03]} 55. Qg6+ {[%emt 0:00:19]} 1/2-1/2

[Event "VIII Iberoamericano Mexico 2022"]
[Site "Mexico City"]
[Date "2022.02.17"]
[Round "6.28"]
[White "Ortiz Verdezoto, Anahi"]
[Black "Medina Diaz, Rafael Alejandro"]
[Result "1/2-1/2"]
[WhiteElo "2047"]
[BlackElo "2287"]
[Annotator "NA"]
[PlyCount "123"]
[EventDate "2022.02.12"]
[EventType "swiss"]
[EventCountry "MEX"]
[SourceTitle "playchess.com"]
[Source "ChessBase"]
[SourceQuality "1"]
[TimeControl "5400+30"]

1. d4 {[%emt 0:00:03]} d5 {[%emt 0:03:26]} 2. c4 {[%emt 0:00:08]} c6 {[%emt 0:00:04]} 3. cxd5 cxd5 {[%emt 0:00:02]} 4. Bf4 {[%emt 0:00:19]} Nc6 {[%emt 0:00:12]} 5. e3 {[%emt 0:00:07]} Bf5 {[%emt 0:00:37]} 6. Nc3 {[%emt 0:02:20]} Nf6 {[%emt 0:00:20]} 7. Qb3 {[%emt 0:00:22]} Na5 {[%emt 0:01:14]} 8. Qa4+ {[%emt 0:00:06]} Bd7 {[%emt 0:00:05]} 9. Qc2 {[%emt 0:00:06]} Nc6 {[%emt 0:00:41]} 10. a3 {[%emt 0:00:41]} e6 {[%emt 0:00:45]} 11. Nf3 {[%emt 0:00:17]} Be7 {[%emt 0:01:52]} 12. Bd3 {[%emt 0:01:43]} O-O {[%emt 0:02:03]} 13. O-O {[%emt 0:00:08]} Rc8 {[%emt 0:00:11]} 14. Rac1 {[%emt 0:05:23]} h6 {[%emt 0:01:22]} 15. h3 {[%emt 0:00:10]} Nh5 {[%emt 0:00:59]} 16. Bh2 {[%emt 0:00:08]} f5 {[%emt 0:00:09]} 17. Qe2 {[%emt 0:02:36]} Nf6 {[%emt 0:03:26]} 18. Ne5 {[%emt 0:09:20]} Nxe5 {[%emt 0:03:41]} 19. Bxe5 {[%emt 0:00:11]} Ne4 {[%emt 0:03:43]} 20. Nxe4 {[%emt 0:07:52]} fxe4 {[%emt 0:00:07]} 21. Bb5 {[%emt 0:05:14]} Bf6 {[%emt 0:05:04]} 22. Bg3 {[%emt 0:04:06]} a6 {[%emt 0:00:33]} 23. Bxd7 {[%emt 0:00:05]} Qxd7 {[%emt 0:00:05]} 24. Qg4 {[%emt 0:00:45]} Rxc1 {[%emt 0:02:11]} 25. Rxc1 {[%emt 0:00:11]} Rc8 {[%emt 0:00:50]} 26. Rf1 {[%emt 0:03:33]} Qf7 {[%emt 0:04:22]} 27. Qd1 {[%emt 0:07:02]} Rc6 {[%emt 0:03:08]} 28. Kh2 {[%emt 0:05:41]} Kh7 {[%emt 0:03:11]} 29. Qb1 {[%emt 0:02:14]} Qg6 {[%emt 0:02:14]} 30. Rc1 {[%emt 0:00:14]} Qe8 {[%emt 0:00:29]} 31. f3 {[%emt 0:02:22]} Rxc1 {[%emt 0:07:40]} 32. Qxc1 {[%emt 0:00:02]} Qb5 {[%emt 0:01:17]} 33. fxe4 {[%emt 0:01:42]} dxe4 {[%emt 0:00:09]} 34. Qc8 {[%emt 0:00:50]} Qb3 {[%emt 0:01:11]} 35. Bf4 {[%emt 0:01:22]} Qd5 {[%emt 0:02:54]} 36. Qc7 {[%emt 0:02:44]} Kg6 {[%emt 0:02:31]} 37. Qc8 {[%emt 0:01:07]} Kh7 {[%emt 0:04:21]} 38. Qc7 {[%emt 0:03:35]} Qb5 {[%emt 0:04:19]} 39. Qf7 {[%emt 0:00:28]} Qd5 {[%emt 0:03:52]} 40. b4 {[%emt 0:00:38]} h5 {[%emt 0:04:28]} 41. a4 {[%emt 0:02:22]} b5 {[%emt 0:02:21]} 42. a5 {[%emt 0:01:01]} h4 {[%emt 0:02:24]} 43. Qe8 {[%emt 0:01:34]} Qf5 {[%emt 0:01:05]} 44. Qf7 {[%emt 0:04:02]} Qd5 {[%emt 0:00:02]} 45. Kh1 {[%emt 0:03:32]} Qc6 {[%emt 0:00:29]} 46. Qh5+ {[%emt 0:02:04]} Kg8 {[%emt 0:00:01]} 47. Qg6 {[%emt 0:00:38]} Kf8 {[%emt 0:02:42]} 48. Qh7 {[%emt 0:05:13]} Kf7 {[%emt 0:01:03]} 49. Qh5+ {[%emt 0:01:59]} Kg8 {[%emt 0:00:25]} 50. Qg6 {[%emt 0:02:24]} Kf8 {[%emt 0:00:32]} 51. Qh7 {[%emt 0:03:08]} Kf7 {[%emt 0:00:12]} 52. Qh8 {[%emt 0:04:03]} Qc1+ {[%emt 0:07:32]} 53. Kh2 {[%emt 0:00:02]} Bxd4 {[%emt 0:00:37]} 54. Qh5+ {[%emt 0:00:28]} Ke7 {[%emt 0:00:07]} 55. Qg6 {[%emt 0:05:05]} Bf6 {[%emt 0:02:20]} 56. Qxe4 {[%emt 0:00:05]} Qc8 {[%emt 0:03:34]} 57. Be5 {[%emt 0:00:25]} Qc4 {[%emt 0:01:01]} 58. Qb7+ {[%emt 0:01:47]} Ke8 {[%emt 0:00:12]} 59. Bd6 {[%emt 0:01:01]} Qd5 {[%emt 0:00:33]} 60. Qxa6 {[%emt 0:02:26]} Be5+ {[%emt 0:00:13]} 61. Bxe5 {[%emt 0:00:02]} Qxe5+ {[%emt 0:00:00]} 62. Kh1 {[%emt 0:02:14]} 1/2-1/2

[Event "VIII Iberoamericano Mexico 2022"]
[Site "Mexico City"]
[Date "2022.02.17"]
[Round "6.29"]
[White "Zarate Manjarrez, Alfredo"]
[Black "Miranda Llanes, Yerisbel"]
[Result "0-1"]
[WhiteElo "2026"]
[BlackElo "2261"]
[Annotator "NA"]
[PlyCount "110"]
[EventDate "2022.02.12"]
[EventType "swiss"]
[EventCountry "MEX"]
[SourceTitle "playchess.com"]
[Source "ChessBase"]
[SourceQuality "1"]
[TimeControl "5400+30"]

1. e4 {[%emt 0:00:12]} e5 {[%emt 0:00:15]} 2. Nc3 {[%emt 0:01:33]} Nf6 {[%emt 0:00:59]} 3. g3 {[%emt 0:00:16]} d5 {[%emt 0:00:53]} 4. exd5 Nxd5 {[%emt 0:00:01]} 5. Bg2 {[%emt 0:00:17]} Nxc3 6. bxc3 {[%emt 0:00:05]} Bc5 {[%emt 0:00:57]} 7. Ne2 {[%emt 0:15:04]} Nc6 {[%emt 0:00:59]} 8. d3 {[%emt 0:01:09]} O-O {[%emt 0:00:44]} 9. O-O {[%emt 0:00:05]} Bg4 {[%emt 0:01:52]} 10. Be3 {[%emt 0:05:40]} Bb6 {[%emt 0:02:45]} 11. h3 {[%emt 0:08:12]} Bh5 {[%emt 0:05:01]} 12. Kh2 {[%emt 0:00:53]} f5 {[%emt 0:06:40]} 13. Qd2 {[%emt 0:02:05]} f4 {[%emt 0:06:06]} 14. Bxb6 {[%emt 0:01:10]} axb6 {[%emt 0:00:25]} 15. Be4 {[%emt 0:00:28]} Ra4 {[%emt 0:06:48]} 16. f3 {[%emt 0:05:59]} Ne7 {[%emt 0:05:45]} 17. gxf4 {[%emt 0:19:57]} exf4 {[%emt 0:01:20]} 18. d4 {[%emt 0:00:11]} Bf7 {[%emt 0:03:42]} 19. Rg1 {[%emt 0:07:08]} Be6 {[%emt 0:05:17]} 20. Rg5 {[%emt 0:07:39]} h6 {[%emt 0:04:05]} 21. Re5 {[%emt 0:02:07]} Qd6 {[%emt 0:01:28]} 22. Rg1 {[%emt 0:03:05]} Bxa2 {[%emt 0:10:02]} 23. Nxf4 {[%emt 0:01:37]} Ra5 {[%emt 0:01:04]} 24. Ne6 {[%emt 0:03:29]} Bxe6 {[%emt 0:13:45]} 25. Qxh6 {[%emt 0:00:09]} Rf7 {[%emt 0:00:09]} 26. Qxe6 {[%emt 0:00:12]} Qxe6 27. Rxe6 {[%emt 0:00:02]} Nd5 {[%emt 0:03:05]} 28. Re8+ {[%emt 0:04:14]} Rf8 {[%emt 0:00:10]} 29. Bh7+ {[%emt 0:00:11]} Kf7 {[%emt 0:00:16]} 30. Bg6+ {[%emt 0:00:01]} Kg8 {[%emt 0:00:19]} 31. Rxf8+ {[%emt 0:01:51]} Kxf8 {[%emt 0:00:02]} 32. Re1 {[%emt 0:00:06]} Ne7 {[%emt 0:02:41]} 33. Bd3 {[%emt 0:00:30]} Ra3 {[%emt 0:01:34]} 34. c4 {[%emt 0:00:59]} Kf7 {[%emt 0:00:13]} 35. Kg3 {[%emt 0:01:20]} Nc6 {[%emt 0:03:25]} 36. Re4 {[%emt 0:00:15]} Nb4 {[%emt 0:02:24]} 37. Rf4+ {[%emt 0:00:10]} Ke6 {[%emt 0:00:53]} 38. Bf5+ {[%emt 0:02:43]} Kf6 {[%emt 0:00:01]} 39. Be4+ {[%emt 0:00:14]} Ke6 {[%emt 0:00:48]} 40. Rg4 {[%emt 0:01:42]} Kf7 {[%emt 0:00:44]} 41. Kf4 {[%emt 0:02:10]} Rc3 {[%emt 0:01:16]} 42. Kg5 {[%emt 0:01:06]} Nxc2 {[%emt 0:04:21]} 43. Bxb7 {[%emt 0:00:51]} Ne3 {[%emt 0:02:07]} 44. Rf4+ {[%emt 0:00:59]} Ke6 {[%emt 0:00:22]} 45. Kg6 {[%emt 0:01:15]} Nxc4 {[%emt 0:00:35]} 46. Kxg7 {[%emt 0:00:20]} Nd6 {[%emt 0:00:30]} 47. Rf6+ {[%emt 0:00:53]} Ke7 {[%emt 0:00:37]} 48. Rxd6 {[%emt 0:00:33]} Kxd6 {[%emt 0:01:55]} 49. Be4 {[%emt 0:00:07]} Rc1 {[%emt 0:00:59]} 50. f4 {[%emt 0:01:27]} Re1 {[%emt 0:01:54]} 51. Bg6 {[%emt 0:00:13]} Rh1 {[%emt 0:00:20]} 52. f5 {[%emt 0:02:54]} Rxh3 {[%emt 0:00:10]} 53. Bf7 {[%emt 0:00:21]} Rh4 {[%emt 0:01:57]} 54. f6 {[%emt 0:00:45]} Rxd4 {[%emt 0:00:19]} 55. Bb3 {[%emt 0:00:31]} Rf4 {[%emt 0:00:23]} 0-1

[Event "VIII Iberoamericano Mexico 2022"]
[Site "Mexico City"]
[Date "2022.02.17"]
[Round "6.30"]
[White "Estrada Nieto, Julian"]
[Black "Jorajuria Mendoza, Algol"]
[Result "1-0"]
[WhiteElo "2253"]
[BlackElo "2006"]
[Annotator "NA"]
[PlyCount "84"]
[EventDate "2022.02.12"]
[EventType "swiss"]
[EventCountry "MEX"]
[SourceTitle "playchess.com"]
[Source "ChessBase"]
[SourceQuality "1"]
[TimeControl "5400+30"]

1. e4 {[%emt 0:00:01]} c5 {[%emt 0:00:06]} 2. Nf3 {[%emt 0:00:05]} Nc6 {[%emt 0:00:05]} 3. Bb5 {[%emt 0:00:04]} g6 {[%emt 0:00:07]} 4. Bxc6 {[%emt 0:00:18]} dxc6 {[%emt 0:00:06]} 5. d3 {[%emt 0:00:04]} Bg7 {[%emt 0:00:13]} 6. h3 {[%emt 0:00:05]} Nf6 {[%emt 0:00:33]} 7. Nc3 {[%emt 0:00:15]} Nd7 {[%emt 0:00:28]} 8. Be3 {[%emt 0:00:17]} e5 {[%emt 0:00:15]} 9. Qd2 {[%emt 0:00:16]} h6 {[%emt 0:00:10]} 10. O-O {[%emt 0:02:23]} b6 {[%emt 0:00:26]} 11. Nh2 {[%emt 0:10:24]} Nf8 {[%emt 0:00:15]} 12. f4 {[%emt 0:00:30]} exf4 {[%emt 0:00:05]} 13. Rxf4 {[%emt 0:00:42]} g5 {[%emt 0:00:06]} 14. Rf2 {[%emt 0:00:18]} Be6 {[%emt 0:00:35]} 15. a4 {[%emt 0:36:37]} Qd6 {[%emt 0:06:29]} 16. Nf3 {[%emt 0:04:29]} Ng6 {[%emt 0:01:30]} 17. d4 {[%emt 0:00:57]} Rd8 {[%emt 0:05:55]} 18. dxc5 {[%emt 0:03:57]} Qg3 {[%emt 0:00:37]} 19. Qe1 {[%emt 0:03:18]} Ne5 {[%emt 0:14:45]} 20. Ne2 {[%emt 0:16:18]} Nxf3+ {[%emt 0:00:22]} 21. Rxf3 {[%emt 0:00:02]} Qxe1+ {[%emt 0:06:56]} 22. Rxe1 {[%emt 0:00:05]} bxc5 {[%emt 0:02:09]} 23. Bxc5 {[%emt 0:06:46]} Bxb2 {[%emt 0:00:28]} 24. Rb1 {[%emt 0:01:20]} Be5 {[%emt 0:00:27]} 25. Rd3 {[%emt 0:02:55]} Bc4 {[%emt 0:03:13]} 26. Rxd8+ {[%emt 0:05:04]} Kxd8 {[%emt 0:00:05]} 27. Nd4 {[%emt 0:00:30]} Kc7 {[%emt 0:00:25]} 28. Bxa7 {[%emt 0:00:38]} Re8 {[%emt 0:05:20]} 29. Nf5 {[%emt 0:00:56]} Bf4 {[%emt 0:00:53]} 30. Bb6+ {[%emt 0:01:43]} Kc8 {[%emt 0:00:18]} 31. g3 {[%emt 0:00:35]} Bb8 {[%emt 0:00:33]} 32. Re1 {[%emt 0:00:55]} Bd5 {[%emt 0:00:22]} 33. Kf2 {[%emt 0:01:44]} Rxe4 {[%emt 0:01:06]} 34. Rxe4 {[%emt 0:00:07]} Bxe4 {[%emt 0:00:04]} 35. Nxh6 {[%emt 0:00:05]} f5 {[%emt 0:02:57]} 36. c3 {[%emt 0:00:35]} Bd6 {[%emt 0:01:44]} 37. Nf7 {[%emt 0:00:16]} Be7 {[%emt 0:00:07]} 38. Be3 {[%emt 0:00:25]} g4 {[%emt 0:00:34]} 39. h4 {[%emt 0:02:16]} Kd7 {[%emt 0:00:34]} 40. Ne5+ {[%emt 0:00:08]} Kd6 {[%emt 0:00:33]} 41. Ng6 {[%emt 0:00:24]} Bf6 {[%emt 0:01:27]} 42. Bd4 {[%emt 0:00:11]} Kd5 {[%emt 0:01:56]} 1-0

[Event "VIII Iberoamericano Mexico 2022"]
[Site "Mexico City"]
[Date "2022.02.17"]
[Round "6.31"]
[White "Frey Beckman, Kenneth"]
[Black "Arvizu Borchardt, David Ivan"]
[Result "1/2-1/2"]
[WhiteElo "2242"]
[BlackElo "1987"]
[Annotator "NA"]
[PlyCount "38"]
[EventDate "2022.02.12"]
[EventType "swiss"]
[EventCountry "MEX"]
[SourceTitle "playchess.com"]
[Source "ChessBase"]
[SourceQuality "1"]
[TimeControl "5400+30"]

1. Nf3 {[%emt 0:00:05]} d5 {[%emt 0:00:06]} 2. d4 {[%emt 0:00:12]} Nf6 {[%emt 0:00:09]} 3. c4 {[%emt 0:00:13]} dxc4 {[%emt 0:00:06]} 4. e3 {[%emt 0:00:15]} e6 {[%emt 0:00:09]} 5. Bxc4 {[%emt 0:00:11]} c5 {[%emt 0:00:06]} 6. O-O {[%emt 0:00:18]} a6 {[%emt 0:00:03]} 7. Bb3 {[%emt 0:00:29]} Nc6 {[%emt 0:02:19]} 8. Nc3 {[%emt 0:00:22]} cxd4 {[%emt 0:01:44]} 9. exd4 {[%emt 0:01:08]} Be7 {[%emt 0:00:15]} 10. Re1 {[%emt 0:02:58]} O-O {[%emt 0:01:29]} 11. Bg5 {[%emt 0:02:37]} b5 {[%emt 0:09:18]} 12. Qd3 {[%emt 0:14:08]} Bb7 {[%emt 0:04:05]} 13. Rad1 {[%emt 0:00:17]} Nb4 {[%emt 0:02:07]} 14. Qd2 {[%emt 0:01:03]} Bxf3 {[%emt 0:05:46]} 15. gxf3 {[%emt 0:00:08]} Nbd5 {[%emt 0:04:55]} 16. Nxd5 {[%emt 0:02:07]} Nxd5 {[%emt 0:08:46]} 17. Bxe7 {[%emt 0:00:14]} Nxe7 {[%emt 0:00:05]} 18. d5 {[%emt 0:00:15]} Nxd5 {[%emt 0:01:09]} 19. Bxd5 {[%emt 0:00:11]} exd5 {[%emt 0:01:18]} 1/2-1/2